Magyarország geopolitikai helyzete Európában

Elmentve itt :
Bibliográfiai részletek
Szerző: Lendvai-Leimdörfer Ferenc
Testületi szerző: Európa közepe - Közép-Európa? A közép-európai gondolat lehetőségei (2000) (Szeged)
Dokumentumtípus: Könyv része
Megjelent: 2000
Sorozat:Szakkollégiumi füzetek 2
Európa közepe - Közép-Európa? : a közép-európai gondolat lehetőségei 2
Kulcsszavak:Politikai földrajz - Magyarország
Tárgyszavak:
Online Access:http://acta.bibl.u-szeged.hu/5532
LEADER 00936naa a2200229 i 4500
001 acta5532
005 20220120151107.0
008 161015s2000 hu o 0|| hun d
022 |a 1586-8036 
040 |a SZTE Egyetemi Kiadványok Repozitórium  |b hun 
041 |a hun 
100 2 |a Lendvai-Leimdörfer Ferenc 
245 1 0 |a Magyarország geopolitikai helyzete Európában  |h [elektronikus dokumentum] /  |c  Lendvai-Leimdörfer Ferenc 
260 |c 2000 
300 |a 45-52 
490 0 |a Szakkollégiumi füzetek  |v 2 
490 0 |a Európa közepe - Közép-Európa? : a közép-európai gondolat lehetőségei  |v 2 
650 4 |a Társadalomtudományok 
650 4 |a Társadalom- és gazdaságföldrajz 
695 |a Politikai földrajz - Magyarország 
710 |a Európa közepe - Közép-Európa? A közép-európai gondolat lehetőségei (2000) (Szeged) 
856 4 0 |u http://acta.bibl.u-szeged.hu/5532/1/szakkol_002_045-052.pdf  |z Dokumentum-elérés